Programming with Java (Record no. 9267)

MARC details
000 -LEADER
fixed length control field 00458nam a2200217Ia 4500
001 - CONTROL NUMBER
control field 087472
003 - CONTROL NUMBER IDENTIFIER
control field YMCAF
005 - DATE AND TIME OF LATEST TRANSACTION
control field 20230512161620.0
008 - FIXED-LENGTH DATA ELEMENTS--GENERAL INFORMATION
fixed length control field 100717s2004 ||||||||||||||||| ||und|d
024 ## - OTHER STANDARD IDENTIFIER
Standard number or code 87472
035 ## - SYSTEM CONTROL NUMBER
System control number 26931
040 ## - CATALOGING SOURCE
Original cataloging agency YMCAF
Language of cataloging eng
Transcribing agency IN-KoLT
041 ## - LANGUAGE CODE
Language code of text/sound track or separate title eng
082 ## - DEWEY DECIMAL CLASSIFICATION NUMBER
Classification number 005.276
Item number BAL
100 ## - MAIN ENTRY--PERSONAL NAME
Personal name Balagurusamy
245 #0 - TITLE STATEMENT
Title Programming with Java
250 ## - EDITION STATEMENT
Edition statement 2nd
260 ## - PUBLICATION, DISTRIBUTION, ETC.
Name of publisher, distributor, etc. TMH
Date of publication, distribution, etc. 2004
300 ## - PHYSICAL DESCRIPTION
Extent 453
942 ## - ADDED ENTRY ELEMENTS (KOHA)
Source of classification or shelving scheme Dewey Decimal Classification
Koha item type Books
Holdings
Withdrawn status Lost status Damaged status Not for loan Home library Current library Date acquired Cost, normal purchase price Total Checkouts Barcode Date last seen Cost, replacement price Price effective from Koha item type Public note G Total Renewals Date last checked out
  Lost     JC Bose University of Science & Technology JC Bose University of Science & Technology 17/07/2010 180.00   26935 12/05/2023 180.00 12/05/2023 Books C 12381    
        JC Bose University of Science & Technology JC Bose University of Science & Technology 17/07/2010 180.00 1 26931 12/03/2026 180.00 12/05/2023 Books C 12381 1 04/02/2026
        JC Bose University of Science & Technology JC Bose University of Science & Technology 17/07/2010 180.00   26932 12/05/2023 180.00 12/05/2023 Books C 12381    
        JC Bose University of Science & Technology JC Bose University of Science & Technology 17/07/2010 180.00 2 26933 28/08/2024 180.00 12/05/2023 Books C 12381 2 25/07/2024
        JC Bose University of Science & Technology JC Bose University of Science & Technology 17/07/2010 180.00   26934 12/05/2023 180.00 12/05/2023 Books C 12381